| 000 | 00768nam a2200217Ia 4500 | ||
|---|---|---|---|
| 999 |
_c58269 _d58269 |
||
| 003 | GCL | ||
| 005 | 20240530110047.0 | ||
| 008 | 140319s9999 xx 000 0 ara d | ||
| 040 |
_aGCL / _cGCL |
||
| 082 | 0 | 4 |
_a230.9 _bب س |
| 100 | 1 | _aالبيهقى، احمد بن الحسين، 994-1066 م | |
| 245 | 1 | 0 |
_aكتاب السنن الصغير / _cالبيهقى، احمد بن الحسين، 994-1066 م |
| 260 |
_aبيروت : _bدار الكتب العلمية للنشر والتوزيع ، _c1992 |
||
| 300 |
_a2 مج ؛ _c24 سم |
||
| 650 | 0 | 4 | _aالحديث |
| 650 | 0 | 4 | _aالفقه الاسلامى |
| 650 | 0 | 4 | _aالاحاديث النبوية |
| 700 | 1 | _aعبدالسلام عبدالشافى | |
| 700 | 1 | _aاحمد قبانى | |
| 942 |
_2ddc _cBK |
||